000
00325 a2200109 4500
001
ART_50498
005
20260410161632.0
008
260409a
245
1
0
_a
El nuevo impuesto para una Argentina inclusiva y solidaria
100
1
_a
Coronello, Silvina E.
773
0
_t
Enfoques
_g
- N°1 (ene. 2020)
_w
REV416
999
_c
12530
_d
12530